<?xml version="1.0" encoding="UTF-8"?><?xml-stylesheet type="text/xsl" href="static/style.xsl"?><OAI-PMH xmlns="http://www.openarchives.org/OAI/2.0/" xmlns:xsi="http://www.w3.org/2001/XMLSchema-instance" xsi:schemaLocation="http://www.openarchives.org/OAI/2.0/ http://www.openarchives.org/OAI/2.0/OAI-PMH.xsd"><responseDate>2026-04-13T02:26:51Z</responseDate><request verb="GetRecord" identifier="oai:www.recercat.cat:2445/199588" metadataPrefix="marc">https://recercat.cat/oai/request</request><GetRecord><record><header><identifier>oai:recercat.cat:2445/199588</identifier><datestamp>2025-11-20T14:28:58Z</datestamp><setSpec>com_2072_1057</setSpec><setSpec>col_2072_478811</setSpec><setSpec>col_2072_478917</setSpec></header><metadata><record xmlns="http://www.loc.gov/MARC21/slim" xmlns:dcterms="http://purl.org/dc/terms/" xmlns:xsi="http://www.w3.org/2001/XMLSchema-instance" xmlns:doc="http://www.lyncode.com/xoai" xsi:schemaLocation="http://www.loc.gov/MARC21/slim http://www.loc.gov/standards/marcxml/schema/MARC21slim.xsd">
   <leader>00925njm 22002777a 4500</leader>
   <datafield ind2=" " ind1=" " tag="042">
      <subfield code="a">dc</subfield>
   </datafield>
   <datafield ind2=" " ind1=" " tag="720">
      <subfield code="a">Araya Castillo, Luis Andrés</subfield>
      <subfield code="e">author</subfield>
   </datafield>
   <datafield ind2=" " ind1=" " tag="720">
      <subfield code="a">Bernardo Vilamitjana, Mercè</subfield>
      <subfield code="e">author</subfield>
   </datafield>
   <datafield ind2=" " ind1=" " tag="720">
      <subfield code="a">Ganga-Contreras, Francisco</subfield>
      <subfield code="e">author</subfield>
   </datafield>
   <datafield ind2=" " ind1=" " tag="720">
      <subfield code="a">Barrientos Oradini, Nicolás</subfield>
      <subfield code="e">author</subfield>
   </datafield>
   <datafield ind2=" " ind1=" " tag="260">
      <subfield code="c">2023-06-21T11:16:00Z</subfield>
   </datafield>
   <datafield ind2=" " ind1=" " tag="260">
      <subfield code="c">2023-06-21T11:16:00Z</subfield>
   </datafield>
   <datafield ind2=" " ind1=" " tag="260">
      <subfield code="c">2022-04-20</subfield>
   </datafield>
   <datafield ind2=" " ind1=" " tag="260">
      <subfield code="c">2023-06-21T11:16:01Z</subfield>
   </datafield>
   <datafield ind2=" " ind1=" " tag="520">
      <subfield code="a">Los sectores de educación superior han alcanzado altos niveles de competencia. En este escenario, algunas universidades han respondido a través de la oferta de estudios en modalidad no tradicional (a distancia). Se han propuesto diversas escalas para medir la calidad de servicio en educación superior, pero son pocos los estudios que se han enfocado en la modalidad a distancia (modalidad no tradicional). Esto es relevante, por cuanto la educación superior a distancia presenta características que la diferencian de la educación superior en modalidad tradicional (presencial). Dado esto, la presente investigación se concentra en realizar una propuesta, desarrollo y validación de una escala de medida de calidad de servicio en educación superior a distancia, la cual tiene por nombre Distance Higher Education Service Quality (DIHESQ). Se aplica una metodología en tres etapas. En primer lugar, se propone la escala de medida DIHESQ asegurando su validez de contenido; luego, se aplica el análisis de unidimensionalidad; y, por último, se analizan sus propiedades psicométricas. Se concluye que el modelo DIHESQ es de segundo orden, reflexivo y multidimensional, y está compuesto por las siguientes dimensiones: (a) profesores y enseñanza; (b) plan curricular y material de estudio; (c) evaluación y feedback; (d) administración y organización; (e) plataforma funcional; (f ) plataforma emocional; (g) apoyo institución; e (i) social y laboral.</subfield>
   </datafield>
   <datafield tag="653" ind2=" " ind1=" ">
      <subfield code="a">Ensenyament a distància</subfield>
   </datafield>
   <datafield tag="653" ind2=" " ind1=" ">
      <subfield code="a">Control de qualitat</subfield>
   </datafield>
   <datafield tag="653" ind2=" " ind1=" ">
      <subfield code="a">Qualitat total</subfield>
   </datafield>
   <datafield tag="653" ind2=" " ind1=" ">
      <subfield code="a">Escales (Ciències socials)</subfield>
   </datafield>
   <datafield tag="653" ind2=" " ind1=" ">
      <subfield code="a">Distance education</subfield>
   </datafield>
   <datafield tag="653" ind2=" " ind1=" ">
      <subfield code="a">Quality control</subfield>
   </datafield>
   <datafield tag="653" ind2=" " ind1=" ">
      <subfield code="a">Total quality management</subfield>
   </datafield>
   <datafield tag="653" ind2=" " ind1=" ">
      <subfield code="a">Scaling (Social sciences)</subfield>
   </datafield>
   <datafield ind2="0" ind1="0" tag="245">
      <subfield code="a">Propuesta, Desarrollo y Validación de la Escala DIHESQ</subfield>
   </datafield>
</record></metadata></record></GetRecord></OAI-PMH>